[Event "33 Open Andorra Hotel St.Gothard "]
[Site "Erts-La Massana"]
[Date "2015.07.18"]
[Round "1.1"]
[White "Cattaneo, Romain"]
[Black "Tkachiev, Vladislav"]
[Result "0-1"]
[WhiteElo "2016"]
[BlackElo "2661"]
[PlyCount "48"]
[EventDate "2015.??.??"]

1. g3 e5 2. Bg2 d5 3. c4 d4 4. d3 Nc6 5. Nf3 Bb4+ 6. Nbd2 a5 7. a3 Be7 8. b3
Nf6 9. Bb2 O-O 10. Qc2 Re8 11. O-O h6 12. Ne4 Be6 13. Nxf6+ Bxf6 14. Rad1 Qd7
15. Qd2 Rab8 16. e3 b5 17. exd4 exd4 18. Rfe1 bxc4 19. bxc4 Rb3 20. Bc1 Bf5 21.
Qf4 Rxe1+ 22. Rxe1 g5 23. Nxg5 hxg5 24. Bxc6 gxf4 0-1

[Event "33 Open Andorra Hotel St.Gothard "]
[Site "Erts-La Massana"]
[Date "2015.07.18"]
[Round "1.2"]
[White "Granda Zuniga, Julio E"]
[Black "Gonzalvez Perales, Jose Luis"]
[Result "1-0"]
[WhiteElo "2652"]
[BlackElo "2010"]
[PlyCount "60"]
[EventDate "2015.??.??"]

1. e4 d5 2. exd5 Qxd5 3. Nc3 Qd6 4. d4 Nf6 5. Nf3 c6 6. Ne5 Nbd7 7. Nc4 Qc7 8.
Qf3 Nb6 9. Bf4 Qd8 10. Be5 Be6 11. Ne3 Bc8 12. Nc4 Be6 13. Ne3 Nfd7 14. Bg3 g6
15. O-O-O Bg7 16. h4 h5 17. Kb1 Nf6 18. Be5 O-O 19. Bxf6 exf6 20. g4 hxg4 21.
Nxg4 Nd5 22. Bh3 Nxc3+ 23. Qxc3 f5 24. Ne5 Qd5 25. b3 c5 26. Qg3 cxd4 27. Rhe1
a5 28. Bg2 f4 29. Qg5 Qd6 30. Nxg6 Rfc8 1-0

[Event "33 Open Andorra Hotel St.Gothard "]
[Site "Erts-La Massana"]
[Date "2015.07.18"]
[Round "1.3"]
[White "Dacalor, Aurelie"]
[Black "Vovk, Yuri"]
[Result "0-1"]
[WhiteElo "1999"]
[BlackElo "2632"]
[PlyCount "52"]
[EventDate "2015.??.??"]

1. d4 Nf6 2. c4 e6 3. Nf3 d5 4. e3 b6 5. Nc3 Bd6 6. Bd3 Bb7 7. O-O Nbd7 8. cxd5
exd5 9. Qc2 c5 10. b3 O-O 11. Bb2 Re8 12. Nb5 Bf8 13. dxc5 bxc5 14. Nd2 a6 15.
Nc3 Ne5 16. Bf5 g6 17. Bh3 d4 18. exd4 cxd4 19. Na4 Nd5 20. Nc5 Bxc5 21. Qxc5
Nf4 22. Qb4 Nxh3+ 23. Kh1 Qd5 24. f3 Nd3 25. Qxd4 Nxb2 26. Qxb2 Re2 0-1

[Event "33 Open Andorra Hotel St.Gothard "]
[Site "Erts-La Massana"]
[Date "2015.07.18"]
[Round "1.4"]
[White "Iturrizaga Bonelli, Eduardo"]
[Black "Prats Rodriguez, Juan Bosco"]
[Result "1-0"]
[WhiteElo "2625"]
[BlackElo "1994"]
[PlyCount "55"]
[EventDate "2015.??.??"]

1. Nf3 d5 2. c4 dxc4 3. e4 e6 4. Bxc4 Nf6 5. Nc3 a6 6. e5 Nfd7 7. d4 b5 8. Bb3
Bb7 9. O-O Nb6 10. Qe2 Be7 11. Rd1 Nd5 12. Ne4 Nd7 13. a4 bxa4 14. Bxa4 h6 15.
Ne1 O-O 16. Rd3 f5 17. exf6 N7xf6 18. Nc5 Bxc5 19. Qxe6+ Rf7 20. dxc5 Qe7 21.
Qxe7 Rxe7 22. Bd2 c6 23. Nf3 Ne4 24. Rc1 Rf8 25. Bb3 Kh8 26. Bxd5 cxd5 27. c6
Ba8 28. Bb4 1-0

[Event "33 Open Andorra Hotel St.Gothard "]
[Site "Erts-La Massana"]
[Date "2015.07.18"]
[Round "1.5"]
[White "Uriarte Prieto, Goyo"]
[Black "Vovk, Andrey"]
[Result "0-1"]
[WhiteElo "1993"]
[BlackElo "2621"]
[PlyCount "48"]
[EventDate "2015.??.??"]

1. e4 c5 2. c3 Nf6 3. e5 Nd5 4. d4 cxd4 5. Nf3 d6 6. cxd4 Nc6 7. Bc4 e6 8. O-O
Be7 9. Re1 O-O 10. a3 b6 11. Qd3 Bb7 12. Bd2 Rc8 13. Nc3 dxe5 14. Bxd5 exd5 15.
dxe5 d4 16. Ne4 Qd5 17. Bg5 Nxe5 18. Nxe5 Bxg5 19. Nf3 Bh6 20. Qxd4 Rfd8 21.
Qa4 Rc4 22. Rad1 Rxa4 23. Rxd5 Bxd5 24. Nc3 Bxf3 0-1

[Event "33 Open Andorra Hotel St.Gothard "]
[Site "Erts-La Massana"]
[Date "2015.07.18"]
[Round "1.6"]
[White "Vazquez Igarza, Renier"]
[Black "Iclicki, Willy"]
[Result "1-0"]
[WhiteElo "2581"]
[BlackElo "1979"]
[PlyCount "79"]
[EventDate "2015.??.??"]

1. Nf3 d5 2. c4 c6 3. e3 e6 4. b3 Nf6 5. Bb2 Bd6 6. Qc2 Nbd7 7. Nc3 O-O 8. Be2
Qe7 9. Rg1 dxc4 10. bxc4 e5 11. g4 e4 12. Nd4 Nc5 13. g5 Ne8 14. h4 Be5 15.
O-O-O Nd6 16. h5 Bxd4 17. exd4 Nd3+ 18. Bxd3 exd3 19. Qxd3 Bf5 20. Qf3 Qd7 21.
d3 Rfe8 22. d5 Rad8 23. h6 Bg6 24. hxg7 Qf5 25. Qxf5 Bxf5 26. c5 Nb5 27. Ne4
Bxe4 28. dxe4 cxd5 29. Rxd5 Rc8 30. Rgd1 Nc7 31. Rf5 Ne6 32. Kb1 Nxg7 33. Bxg7
Kxg7 34. Rd7 Rf8 35. Rxb7 h6 36. gxh6+ Kxh6 37. Kc2 Kg6 38. Rxa7 Rfe8 39. f3
Rh8 40. Kd3 1-0

[Event "33 Open Andorra Hotel St.Gothard "]
[Site "Erts-La Massana"]
[Date "2015.07.18"]
[Round "1.7"]
[White "Varela La Madrid, Maria"]
[Black "Gozzoli, Yannick"]
[Result "0-1"]
[WhiteElo "1966"]
[BlackElo "2567"]
[PlyCount "34"]
[EventDate "2015.??.??"]

1. d4 Nf6 2. Nf3 d5 3. g3 c6 4. Bg2 Bf5 5. O-O e6 6. Nbd2 Nbd7 7. c4 h6 8. a3
Be7 9. b4 a5 10. b5 cxb5 11. c5 a4 12. Re1 O-O 13. Nb1 Ne4 14. Nfd2 Ndxc5 15.
dxc5 Nxf2 16. Kxf2 Bxc5+ 17. Kf1 Qf6 0-1

[Event "33 Open Andorra Hotel St.Gothard "]
[Site "Erts-La Massana"]
[Date "2015.07.18"]
[Round "1.8"]
[White "Lagarde, Maxime"]
[Black "Davies, Peter"]
[Result "1-0"]
[WhiteElo "2544"]
[BlackElo "1953"]
[PlyCount "97"]
[EventDate "2015.??.??"]

1. c4 c5 2. Nc3 Nc6 3. g3 g6 4. Bg2 Bg7 5. d3 d6 6. Bxc6+ bxc6 7. Qd2 Nf6 8. b3
e5 9. Bb2 O-O 10. O-O-O Nh5 11. e3 Qe7 12. Kb1 Be6 13. f4 Rae8 14. Nf3 Bg4 15.
Rhf1 exf4 16. exf4 Bxf3 17. Rxf3 f5 18. Rff1 Bd4 19. Rde1 Qf6 20. Rxe8 Rxe8 21.
Re1 Rxe1+ 22. Qxe1 Ng7 23. Kc2 Ne6 24. Qh1 Nd8 25. Qe1 Kf7 26. Bc1 Ne6 27. Bd2
Bxc3 28. Bxc3 Nd4+ 29. Kd1 Qe6 30. Qf2 Qf6 31. b4 Qh8 32. Qb2 Qb8 33. Bxd4 cxd4
34. Qxd4 Qxb4 35. Qxa7+ Ke6 36. Qe3+ Kf7 37. Qc1 Qc5 38. Ke2 d5 39. Kf3 d4 40.
Qd2 Qa3 41. Qe2 c5 42. Kg2 h5 43. Kh3 Qa5 44. Qg2 Qe1 45. Qd5+ Kf8 46. Qxc5+
Kg8 47. Qd5+ Kh7 48. Qf7+ Kh6 49. Qg8 1-0

[Event "33 Open Andorra Hotel St.Gothard "]
[Site "Erts-La Massana"]
[Date "2015.07.18"]
[Round "1.10"]
[White "Arizmendi Martinez, Julen Luis"]
[Black "Rechi Perez, Francesc"]
[Result "1-0"]
[WhiteElo "2529"]
[BlackElo "1934"]
[PlyCount "95"]
[EventDate "2015.??.??"]

1. e4 e6 2. d4 d5 3. Nd2 Nf6 4. e5 Nfd7 5. f4 c5 6. Ngf3 Nc6 7. Nb3 a6 8. Be2
Be7 9. Be3 cxd4 10. Nbxd4 Qc7 11. c3 O-O 12. O-O Nd8 13. Bd3 Nc5 14. Bc2 f6 15.
exf6 Bxf6 16. Qe2 Nf7 17. Rae1 Bd7 18. Bc1 Rae8 19. Ne5 Nd6 20. Qh5 Nce4 21.
Qh3 Bc8 22. Bd3 Re7 23. Be3 g6 24. g4 Bg7 25. Qg2 Nc5 26. Bc2 Nce4 27. h4 Nf6
28. Ndf3 Nd7 29. h5 gxh5 30. Qh3 Nc4 31. Nxc4 Qxc4 32. Qxh5 Bf6 33. g5 Bh8 34.
a3 Qc7 35. Re2 Rg7 36. Rh2 Nf6 37. Qh4 Ne4 38. Ne5 Bd7 39. Ng4 Kf7 40. Bd4 Bb5
41. Re1 Ke8 42. Bxe4 dxe4 43. Rxe4 Qc4 44. Rhe2 Qxe2 45. Rxe2 Bxe2 46. Bxg7
Bxg7 47. Qxh7 Rxf4 48. Qg8+ 1-0

[Event "33 Open Andorra Hotel St.Gothard "]
[Site "Erts-La Massana"]
[Date "2015.07.18"]
[Round "1.11"]
[White "Marcos Herrero, Francisco"]
[Black "Kogan, Artur"]
[Result "0-1"]
[WhiteElo "1920"]
[BlackElo "2526"]
[PlyCount "46"]
[EventDate "2015.??.??"]

1. d4 Nf6 2. c4 b6 3. Nf3 Bb7 4. g3 e5 5. dxe5 Ng4 6. Bg2 Nxe5 7. Nbd2 Qf6 8.
O-O Nbc6 9. Nxe5 Qxe5 10. Nf3 Qh5 11. Bf4 O-O-O 12. a3 Be7 13. Qd5 f5 14. Ne5
Rhf8 15. Bf3 Qe8 16. Nd3 g5 17. Be3 f4 18. Bd4 g4 19. Bxg4 Nxd4 20. Qxd4 Bf6
21. Qxf4 Bxb2 22. Qxf8 Qxf8 23. Nxb2 Qg7 0-1

[Event "33 Open Andorra Hotel St.Gothard "]
[Site "Erts-La Massana"]
[Date "2015.07.18"]
[Round "1.12"]
[White "Narciso Dublan, Marc"]
[Black "Broly, Mathilde"]
[Result "1-0"]
[WhiteElo "2521"]
[BlackElo "1909"]
[PlyCount "69"]
[EventDate "2015.??.??"]

1. d4 Nf6 2. c4 g6 3. Nc3 d5 4. Nf3 Bg7 5. cxd5 Nxd5 6. Na4 O-O 7. e4 Nb6 8.
Be3 Nxa4 9. Qxa4 c5 10. Rd1 Bd7 11. Qa3 c4 12. Bxc4 b5 13. Be2 a5 14. Bg5 Nc6
15. Bxb5 Nb4 16. Ba4 h6 17. Bf4 Bc6 18. d5 Bxa4 19. Qxa4 Bxb2 20. O-O Bg7 21.
d6 exd6 22. Bxd6 Qe8 23. Qb3 Qxe4 24. Rfe1 Qc2 25. Bxf8 Rxf8 26. Qxc2 Nxc2 27.
Re4 Nb4 28. a3 Na2 29. Rd7 Nc3 30. Rc4 Nb5 31. a4 Nc3 32. Ra7 Rd8 33. g3 Rd5
34. Rc8+ Kh7 35. Rxf7 1-0

[Event "33 Open Andorra Hotel St.Gothard "]
[Site "Erts-La Massana"]
[Date "2015.07.18"]
[Round "1.13"]
[White "Fernandez Mira, Alonso"]
[Black "Riff, Jean-Noel"]
[Result "1-0"]
[WhiteElo "1908"]
[BlackElo "2502"]
[PlyCount "70"]
[EventDate "2015.??.??"]

1. d4 Nf6 2. c4 e6 3. Nc3 Bb4 4. e3 O-O 5. Bd3 d5 6. Nf3 c5 7. O-O dxc4 8. Bxc4
Bd7 9. Qe2 Bc6 10. Rd1 Bxc3 11. bxc3 Nbd7 12. Bb3 Qa5 13. c4 cxd4 14. exd4 Qh5
15. Bd2 Rfd8 16. Bc3 Ne4 17. Bb2 Ndf6 18. Rac1 b5 19. d5 exd5 20. cxb5 Bb7 21.
h3 Re8 22. Qd3 d4 23. Bxd4 Rad8 24. Rc7 Bd5 25. Rxa7 Bxb3 26. Qxb3 Nd5 27. b6
Nf4 28. Be3 Nxh3+ 29. gxh3 Qxf3 30. Rdd7 Rxd7 31. Rxd7 Ng3 32. Qd5 Ne2+ 33. Kh2
Qf6 34. b7 Qg6 35. Qd1 Qe6 1-0

[Event "33 Open Andorra Hotel St.Gothard "]
[Site "Erts-La Massana"]
[Date "2015.07.18"]
[Round "1.14"]
[White "Asis Gargatagli, Hipolito"]
[Black "Bouguerra, Tayeb"]
[Result "1-0"]
[WhiteElo "2472"]
[BlackElo "1904"]
[PlyCount "49"]
[EventDate "2015.??.??"]

1. e4 d6 2. d4 Nf6 3. Nc3 c6 4. f4 Qa5 5. e5 Ne4 6. Bd3 d5 7. Nge2 Na6 8. O-O
Nxc3 9. bxc3 Bg4 10. Bd2 e6 11. Rb1 Qc7 12. h3 Bf5 13. Bxa6 bxa6 14. g4 Bg6 15.
f5 exf5 16. gxf5 Bh5 17. Qe1 Be7 18. Nf4 g6 19. e6 Bd6 20. exf7+ Kd7 21. Qe6+
Kd8 22. Rb7 Qxb7 23. Qxd6+ Qd7 24. Ne6+ Kc8 25. f8=Q+ 1-0

[Event "33 Open Andorra Hotel St.Gothard "]
[Site "Erts-La Massana"]
[Date "2015.07.18"]
[Round "1.15"]
[White "Sevillano Garcia, Joaquin"]
[Black "Aloma Vidal, Robert"]
[Result "0-1"]
[WhiteElo "1897"]
[BlackElo "2451"]
[PlyCount "74"]
[EventDate "2015.??.??"]

1. Nf3 Nf6 2. c4 g6 3. Nc3 Bg7 4. e3 O-O 5. d4 c5 6. Be2 cxd4 7. exd4 d5 8. O-O
Nc6 9. h3 dxc4 10. Bxc4 Na5 11. Be2 b6 12. Be3 Bb7 13. b4 Nc6 14. Qb3 Rc8 15.
Rfd1 Ne8 16. Rac1 Nd6 17. Bd3 Nb8 18. Ne5 Nd7 19. f4 Nf6 20. b5 Nf5 21. Bxf5
gxf5 22. d5 Qd6 23. Nc6 Ra8 24. Qc4 Rfe8 25. Bf2 Nd7 26. Ne2 a6 27. a4 axb5 28.
axb5 Ra3 29. Bd4 Bxd4+ 30. Rxd4 Nc5 31. Nc3 Nb3 32. Rd3 Nxc1 33. Rg3+ Kf8 34.
Ne5 f6 35. Ne4 fxe4 36. Rxa3 Qxa3 37. Nd7+ Kg7 0-1

[Event "33 Open Andorra Hotel St.Gothard "]
[Site "Erts-La Massana"]
[Date "2015.07.18"]
[Round "1.16"]
[White "Pulvett Marin, Daniel"]
[Black "Sevenyuk, Alexey"]
[Result "1-0"]
[WhiteElo "2446"]
[BlackElo "1888"]
[PlyCount "110"]
[EventDate "2015.??.??"]

1. d4 e6 2. c4 f5 3. g3 Nf6 4. Bg2 c6 5. Nf3 d5 6. O-O Bd6 7. Nc3 O-O 8. Qc2 a5
9. b3 Na6 10. c5 Bc7 11. Bf4 Bd7 12. Bxc7 Qxc7 13. Na4 Be8 14. Nb6 Ra7 15. Qd2
Nb8 16. Qe3 Bf7 17. Rac1 Nbd7 18. Na4 Raa8 19. Rfe1 Ng4 20. Qf4 Qxf4 21. gxf4
Ngf6 22. Nd2 h6 23. h4 Kh8 24. f3 Rg8 25. Kf2 h5 26. e3 g6 27. Rh1 Rg7 28. Nb2
Nh7 29. Nd3 Rag8 30. Rh2 Rc8 31. a4 Rgg8 32. b4 Ra8 33. Nb3 axb4 34. a5 Nhf6
35. Nxb4 Rgc8 36. Bf1 Ne8 37. a6 bxa6 38. Na5 Nb8 39. Ke1 Nf6 40. Ra2 Be8 41.
Nb7 Rc7 42. Nd6 a5 43. Rca1 Rca7 44. Nc8 Rb7 45. Nb6 Raa7 46. Kd2 Nfd7 47. Nc8
Ra8 48. Nd3 Nf6 49. Rxa5 Rxa5 50. Rxa5 Rb1 51. Be2 Kg8 52. Nd6 Kf8 53. Ne5 Nfd7
54. Bd3 Rg1 55. Ra8 Nxe5 1-0

[Event "33 Open Andorra Hotel St.Gothard "]
[Site "Erts-La Massana"]
[Date "2015.07.18"]
[Round "1.17"]
[White "Gonzalvez Tamarit, Ruben"]
[Black "Kalegin, Evgenij"]
[Result "0-1"]
[WhiteElo "1883"]
[BlackElo "2445"]
[PlyCount "62"]
[EventDate "2015.??.??"]

1. e4 c5 2. Nf3 e6 3. d4 cxd4 4. Nxd4 a6 5. c4 Nf6 6. Nc3 Qc7 7. Be2 Bb4 8. Qd3
Nc6 9. Nxc6 dxc6 10. O-O O-O 11. Rd1 e5 12. h3 Be6 13. Be3 b5 14. cxb5 axb5 15.
Qc2 Rfc8 16. a3 Bxc3 17. bxc3 Ra4 18. f3 Qe7 19. Qb2 h6 20. Kh2 Rca8 21. Bc1
Nh5 22. Qd2 Nf4 23. Bf1 Bc4 24. Bxc4 Rxc4 25. Bb2 Ne6 26. Qd6 Qf6 27. Qd2 Nc5
28. Kg1 Nb3 29. Qe3 Nxa1 30. Rxa1 Rd8 31. Qe2 Qd6 0-1

[Event "33 Open Andorra Hotel St.Gothard "]
[Site "Erts-La Massana"]
[Date "2015.07.18"]
[Round "1.18"]
[White "Barbot, Pierre"]
[Black "Eizaguerri Floris, Maria"]
[Result "1-0"]
[WhiteElo "2445"]
[BlackElo "1874"]
[PlyCount "61"]
[EventDate "2015.??.??"]

1. e4 c5 2. Nf3 e6 3. d4 cxd4 4. Nxd4 Nc6 5. Nb5 d6 6. Bf4 e5 7. Be3 Nf6 8. Bg5
Be6 9. Nd2 Be7 10. Bxf6 gxf6 11. Nc4 Bxc4 12. Bxc4 Qa5+ 13. Nc3 Nd4 14. O-O h5
15. Nd5 Qc5 16. Bd3 Qc8 17. c3 Ne6 18. Be2 Nc5 19. Re1 h4 20. Bg4 Ne6 21. h3
Qc4 22. Qf3 Rh6 23. Rad1 Kd7 24. a3 Rg8 25. Qe3 Rhg6 26. Qxa7 Qc6 27. b4 Rxg4
28. hxg4 Rxg4 29. b5 Qc5 30. Qxb7+ Nc7 31. Nb6+ 1-0

[Event "33 Open Andorra Hotel St.Gothard "]
[Site "Erts-La Massana"]
[Date "2015.07.18"]
[Round "1.19"]
[White "Dubois, Marie"]
[Black "Abergel, Thal"]
[Result "0-1"]
[WhiteElo "1870"]
[BlackElo "2440"]
[PlyCount "66"]
[EventDate "2015.??.??"]

1. d4 Nf6 2. c4 e6 3. Nc3 Bb4 4. e3 c5 5. Nge2 b6 6. a3 Ba5 7. Qc2 Bb7 8. Bd2
O-O 9. Nf4 Bxc3 10. Bxc3 cxd4 11. Bxd4 Nc6 12. Bc3 Qe7 13. Bd3 e5 14. Nd5 Nxd5
15. cxd5 Nd4 16. Bxd4 exd4 17. O-O dxe3 18. Bxh7+ Kh8 19. Rae1 Rac8 20. Qe4 Qg5
21. Qf5 exf2+ 22. Rxf2 Qh6 23. Rf3 Rc1 24. Rxc1 Qxc1+ 25. Rf1 Qc5+ 26. Kh1 Qxd5
27. Qxd5 Bxd5 28. Bd3 Re8 29. Kg1 Re3 30. Bb5 Rb3 31. Bxd7 Rxb2 32. Bh3 Ra2 33.
Rd1 Bb3 0-1

[Event "33 Open Andorra Hotel St.Gothard "]
[Site "Erts-La Massana"]
[Date "2015.07.18"]
[Round "1.20"]
[White "Bernal Moro, Luis Javier"]
[Black "Sanchez Dengra, Barbara"]
[Result "1-0"]
[WhiteElo "2435"]
[BlackElo "1869"]
[PlyCount "133"]
[EventDate "2015.??.??"]

1. c4 e5 2. Nc3 Nf6 3. Nf3 Nc6 4. e3 d6 5. d4 Bg4 6. d5 Nb8 7. h3 Bh5 8. e4
Nbd7 9. Bd3 Nc5 10. Bc2 a5 11. Be3 Nfd7 12. g4 Bg6 13. h4 h6 14. Qe2 Be7 15.
O-O-O b6 16. Rdg1 Na6 17. Nd2 Ndc5 18. g5 h5 19. a3 Kd7 20. Kb1 Kc8 21. Qd1 Qe8
22. Na2 f5 23. exf5 Bh7 24. g6 Bg8 25. Nc3 Qd8 26. Nf3 Kb7 27. Ng5 Bf6 28. Nce4
Nxe4 29. Bxe4 Nc5 30. Bxc5 bxc5 31. Qa4 Qe8 32. Qxe8 Rxe8 33. Rh3 a4 34. Bc2
Ra8 35. Rd1 c6 36. Ne4 Be7 37. Nc3 cxd5 38. cxd5 Bf6 39. Bxa4 Kb6 40. Bc2 Ra5
41. Bb3 Kc7 42. Ka2 Kd7 43. Bc4 Bd8 44. Ne4 Kc7 45. Rdd3 Be7 46. b3 Bd8 47. Kb2
Kd7 48. Rdf3 Bf6 49. Nxf6+ gxf6 50. Rd3 Kc7 51. Rh1 Kb6 52. Ra1 Ra7 53. f3 Re7
54. Re3 Rc7 55. Rc1 Ka5 56. Re4 Rd7 57. Kc3 Rc7 58. Rd1 Kb6 59. b4 Ra7 60. Kb2
Ra8 61. Bb3 cxb4 62. Rxb4+ Kc7 63. Rc1+ Kd8 64. Rb6 Ke7 65. Rc7+ Ke8 66. Rxd6
Rd8 67. Ba4+ 1-0

[Event "33 Open Andorra Hotel St.Gothard "]
[Site "Erts-La Massana"]
[Date "2015.07.19"]
[Round "2.1"]
[White "Tkachiev, Vladislav"]
[Black "Mingarro Carceller, Sergi"]
[Result "1-0"]
[WhiteElo "2661"]
[BlackElo "2264"]
[PlyCount "91"]
[EventDate "2015.??.??"]

1. Nf3 f5 2. d4 Nf6 3. c4 g6 4. e3 Bg7 5. b4 d6 6. Bb2 O-O 7. Be2 e5 8. dxe5
Ng4 9. Qb3 Nxe5 10. O-O Be6 11. Rd1 Nbd7 12. Nc3 a6 13. Nd5 Bf7 14. Nxe5 dxe5
15. Qc3 Rc8 16. c5 Qe8 17. c6 bxc6 18. Qxc6 Nb6 19. Bf3 Qxc6 20. Ne7+ Kh8 21.
Nxc6 Rfe8 22. Be2 Na4 23. Rd7 Re6 24. Rc1 Be8 25. Rxg7 Kxg7 26. Bxe5+ Kf8 27.
Bxa6 Ra8 28. Bb7 Bxc6 29. Rxc6 Rd8 30. f4 Rd1+ 31. Kf2 Rd2+ 32. Kf3 Rxc6 33.
Bxc6 Nb6 34. Bxc7 Nc4 35. a4 Rc2 36. b5 Nd2+ 37. Ke2 Ne4+ 38. Kd1 Rb2 39. Be5
Nf2+ 40. Ke1 Nd3+ 41. Kf1 Rf2+ 42. Kg1 Re2 43. h3 Nxe5 44. fxe5 Rxe3 45. b6 Ke7
46. b7 1-0

[Event "33 Open Andorra Hotel St.Gothard "]
[Site "Erts-La Massana"]
[Date "2015.07.19"]
[Round "2.2"]
[White "Martinez Lopez, Ivan"]
[Black "Granda Zuniga, Julio E"]
[Result "0-1"]
[WhiteElo "2267"]
[BlackElo "2652"]
[PlyCount "82"]
[EventDate "2015.??.??"]

1. c4 e5 2. g3 g6 3. Bg2 Bg7 4. Nc3 Ne7 5. e4 d6 6. Nge2 Nbc6 7. O-O O-O 8. d3
f5 9. Be3 Nd4 10. Qd2 c5 11. Bg5 Ne6 12. Bxe7 Qxe7 13. Nd5 Qd8 14. exf5 gxf5
15. f4 Rb8 16. Rae1 b5 17. b3 Kh8 18. Kh1 Bd7 19. Ng1 bxc4 20. bxc4 exf4 21.
Nxf4 Rb2 22. Nxe6 Bxe6 23. Qe3 Bd7 24. Qe7 Be5 25. Qxd8 Rxd8 26. Nf3 Bc6 27.
Nh4 Bxg2+ 28. Nxg2 Rf8 29. Rb1 Rfb8 30. Rxb2 Rxb2 31. a4 Ra2 32. Ne3 Rxa4 33.
Nxf5 a5 34. Nh6 Ra1 35. Nf7+ Kg7 36. Rxa1 Bxa1 37. Nxd6 a4 38. Nb5 Bb2 39. Kg2
a3 40. Nxa3 Bxa3 41. Kf3 Bb2 0-1

[Event "33 Open Andorra Hotel St.Gothard "]
[Site "Erts-La Massana"]
[Date "2015.07.19"]
[Round "2.3"]
[White "Vovk, Yuri"]
[Black "Serarols Mabras, Bernat"]
[Result "1-0"]
[WhiteElo "2632"]
[BlackElo "2260"]
[PlyCount "63"]
[EventDate "2015.??.??"]

1. d4 d5 2. c4 c6 3. Nf3 Nf6 4. Nc3 dxc4 5. a4 Bf5 6. Ne5 Nbd7 7. Nxc4 Qc7 8.
g3 e5 9. dxe5 Nxe5 10. Bf4 Nfd7 11. Bg2 f6 12. O-O g5 13. Nxe5 gxf4 14. Nxd7
Qxd7 15. Qxd7+ Bxd7 16. gxf4 a5 17. Ne4 Kf7 18. Rfd1 Be6 19. Rac1 Rg8 20. Ng3
Be7 21. f5 Bb3 22. Rd7 Rab8 23. Rc3 Bxa4 24. Re3 Rge8 25. Bf3 c5 26. Bh5+ Kf8
27. Bxe8 Bxd7 28. Bxd7 b5 29. Ne4 c4 30. Be6 Rd8 31. Rg3 Rd1+ 32. Kg2 1-0

[Event "33 Open Andorra Hotel St.Gothard "]
[Site "Erts-La Massana"]
[Date "2015.07.19"]
[Round "2.4"]
[White "Llaneza Vega, Patricia"]
[Black "Iturrizaga Bonelli, Eduardo"]
[Result "0-1"]
[WhiteElo "2262"]
[BlackElo "2625"]
[PlyCount "80"]
[EventDate "2015.??.??"]

1. e4 c5 2. Nf3 e6 3. d4 cxd4 4. Nxd4 Nc6 5. Nc3 Qc7 6. Be3 Nf6 7. Bd3 a6 8.
O-O Bd6 9. h3 b5 10. Nxc6 dxc6 11. f4 e5 12. f5 h6 13. Qe1 Bb7 14. a4 Qe7 15.
Kh1 Bc5 16. Bd2 Rd8 17. a5 Bd4 18. Nd1 c5 19. c3 Bxc3 20. Bxb5+ axb5 21. Nxc3
b4 22. Nd5 Nxd5 23. exd5 Rxd5 24. a6 Ba8 25. Be3 f6 26. Qe2 O-O 27. Qg4 Rfd8
28. Rfc1 Kh8 29. Ra5 Rd3 30. Qe2 Qd7 31. Raxc5 Qxf5 32. Kh2 Kh7 33. R5c4 Qe6
34. Rxb4 Qxa6 35. Rc3 Rd2 36. Qxd2 Rxd2 37. Bxd2 Qe2 38. Rg3 Qxd2 39. Ra4 Bb7
40. Rc4 Qd6 0-1

[Event "33 Open Andorra Hotel St.Gothard "]
[Site "Erts-La Massana"]
[Date "2015.07.19"]
[Round "2.5"]
[White "Vovk, Andrey"]
[Black "Simon Padros, Emili"]
[Result "1-0"]
[WhiteElo "2621"]
[BlackElo "2229"]
[PlyCount "77"]
[EventDate "2015.??.??"]

1. e4 e6 2. d4 d5 3. Nd2 Nf6 4. e5 Nfd7 5. c3 c5 6. Ngf3 b6 7. a4 Be7 8. Bd3
Ba6 9. Bb5 Bxb5 10. axb5 a5 11. O-O O-O 12. Re1 Re8 13. Nf1 Nf8 14. g3 Nbd7 15.
h4 Rc8 16. h5 h6 17. N3h2 cxd4 18. cxd4 Bb4 19. Re2 f6 20. Bf4 fxe5 21. dxe5
Nh7 22. Nf3 Qe7 23. Kg2 Qf7 24. Ne3 Ndf8 25. Qh1 Bc5 26. Nc2 Nd7 27. Qh3 Be7
28. Qg4 Rc4 29. Ncd4 Ng5 30. Bxg5 Bxg5 31. Nxg5 hxg5 32. b3 Rc3 33. Rh1 Rd3 34.
h6 Nf8 35. hxg7 Kxg7 36. Nf3 Qg6 37. Rh5 Rxf3 38. Kxf3 Nh7 39. Kg2 1-0

[Event "33 Open Andorra Hotel St.Gothard "]
[Site "Erts-La Massana"]
[Date "2015.07.19"]
[Round "2.6"]
[White "Sanchez Jimenez, Juan Carlos"]
[Black "Vazquez Igarza, Renier"]
[Result "1/2-1/2"]
[WhiteElo "2252"]
[BlackElo "2581"]
[PlyCount "158"]
[EventDate "2015.??.??"]

1. d4 Nf6 2. c4 g6 3. Nc3 d5 4. Nf3 Bg7 5. Bf4 O-O 6. e3 c5 7. dxc5 Ne4 8. Rc1
Nd7 9. cxd5 Qa5 10. Bc4 Nxc3 11. bxc3 Bxc3+ 12. Ke2 Nxc5 13. Qc2 Bf6 14. Nd4
Bd7 15. f3 Rac8 16. Qd2 Qa4 17. Kf2 b5 18. Bb3 Qa3 19. e4 Bxd4+ 20. Qxd4 e5 21.
dxe6 fxe6 22. Bh6 Rf7 23. Rhd1 a5 24. Kg3 a4 25. Rxc5 Qxc5 26. Qxc5 Rxc5 27.
Bxe6 Rc7 28. Bxf7+ Kxf7 29. Bf4 Rb7 30. Bd6 Be6 31. a3 Rd7 32. Rd2 g5 33. h4 h6
34. hxg5 hxg5 35. Bb4 Rxd2 36. Bxd2 Kf6 37. Kf2 Bc4 38. Bb4 Bd3 39. Ke3 Bf1 40.
g3 Bh3 41. Ba5 Kg6 42. Bd8 Be6 43. Be7 Bd7 44. f4 gxf4+ 45. gxf4 Kf7 46. Bd8
Bc6 47. f5 Bb7 48. e5 Bc8 49. Kf4 Bd7 50. Ba5 Bc8 51. Bb4 Bd7 52. e6+ Bxe6 53.
fxe6+ Kxe6 54. Ke4 Kd7 55. Kd5 Kc7 56. Be1 Kd7 57. Bb4 Kc7 58. Bc5 Kd7 59. Bd6
Ke8 60. Kc6 Kd8 61. Bg3 Ke8 62. Bd6 Kd8 63. Bf4 Ke8 64. Bg5 Kf8 65. Bh6+ Ke8
66. Bg5 Kf8 67. Bf6 Kg8 68. Kd7 Kf7 69. Be7 Kg6 70. Ke6 Kg7 71. Bd8 Kf8 72. Bf6
Kg8 73. Ke7 Kh7 74. Kd6 Kg8 75. Kc5 Kf7 76. Kxb5 Kxf6 77. Kxa4 Ke7 78. Kb5 Kd7
79. Kb6 Kc8 1/2-1/2

[Event "33 Open Andorra Hotel St.Gothard "]
[Site "Erts-La Massana"]
[Date "2015.07.19"]
[Round "2.7"]
[White "Gozzoli, Yannick"]
[Black "Romero Berruezo, Francisco"]
[Result "1-0"]
[WhiteElo "2567"]
[BlackElo "2198"]
[PlyCount "73"]
[EventDate "2015.??.??"]

1. d4 Nf6 2. c4 e6 3. Nf3 Bb4+ 4. Nc3 b6 5. Bg5 h6 6. Bh4 g5 7. Bg3 Ne4 8. Qc2
Bb7 9. e3 Bxc3+ 10. bxc3 d6 11. Bd3 Nxg3 12. hxg3 Nd7 13. Be4 Bxe4 14. Qxe4 Nf6
15. Qc2 Nd7 16. Nd2 f5 17. g4 Qf6 18. gxf5 exf5 19. g4 O-O-O 20. Qxf5 Qg7 21.
f3 Rde8 22. Qd3 Rhf8 23. O-O-O Rf6 24. Rhf1 Qf7 25. Kb1 Nf8 26. Rf2 Ng6 27. Rh1
Nh4 28. f4 Qe6 29. e4 Qxg4 30. f5 Ng6 31. c5 dxc5 32. Rxh6 Qd1+ 33. Kb2 Ref8
34. Rf1 c4 35. Rxd1 cxd3 36. Rxg6 Rxg6 37. fxg6 1-0

[Event "33 Open Andorra Hotel St.Gothard "]
[Site "Erts-La Massana"]
[Date "2015.07.19"]
[Round "2.8"]
[White "Sanchez Jerez, Emilio Miguel"]
[Black "Lagarde, Maxime"]
[Result "0-1"]
[WhiteElo "2217"]
[BlackElo "2544"]
[PlyCount "84"]
[EventDate "2015.??.??"]

1. Nc3 d5 2. e4 d4 3. Nce2 e5 4. Ng3 Be6 5. Nf3 f6 6. Bb5+ c6 7. Ba4 Na6 8. Bb3
Bxb3 9. axb3 d3 10. O-O g6 11. cxd3 Qxd3 12. Ne1 Qd7 13. d3 Bc5 14. Be3 Bb6 15.
Qc2 Ne7 16. Qc4 Nc8 17. b4 Nd6 18. Qb3 Qf7 19. Qxf7+ Kxf7 20. Bxb6 axb6 21. f4
exf4 22. Rxf4 Nxb4 23. Rd1 Kg7 24. Nf3 c5 25. e5 fxe5 26. Nxe5 Nd5 27. Rf3 Rhe8
28. Ne4 Rad8 29. Nc4 Nb5 30. Rdf1 Re7 31. h4 Nd4 32. R3f2 Rdd7 33. Rf8 Ne6 34.
R8f3 Nd8 35. Ncd6 Nf7 36. Nc4 b5 37. Na3 Ne5 38. Rg3 Nxd3 39. Ng5 h6 40. Nh3
Nxb2 41. Rf2 Nd1 42. Rd2 Re1+ 0-1